书目信息 |
| 题名: |
环境规划学
|
|
| 作者: | 郭怀成 主编 | |
| 分册: | ||
| 出版信息: | 北京 高等教育出版社 2001.7 |
|
| 页数: | 301页 | |
| 开本: | 23cm | |
| 丛书名: | ||
| 单 册: | ||
| 中图分类: | X32 | |
| 科图分类: | ||
| 主题词: | 环境规划 , 安全学 , 环境管理 , 劳动?0 , 环境堡规划 | |
| 电子资源: | ||
| ISBN: | 7-04-009333-2 | |
| 000 | 00647nam0 2200241 45 | |
| 001 | 0230485555 | |
| 005 | 20181213082627.56 | |
| 010 | @a7-04-009333-2@dRMB 16.70 | |
| 100 | @a20020611d2001 km y0chiy0120 ea | |
| 101 | 0 | @achi |
| 102 | @aCN@b110000 | |
| 200 | 1 | @a环境规划学@Ahuan jing gui hua xue@f郭怀成等主编@Fguo huai cheng deng zhu bian |
| 210 | @a北京@c高等教育出版社@d2001.7 | |
| 215 | @a301页@d23cm | |
| 606 | 0 | @a环境规划 |
| 606 | 0 | @a安全学 |
| 606 | 0 | @a环境管理 |
| 606 | 0 | @a劳动?0 |
| 606 | @a环境堡规划 | |
| 690 | @aX32@v3 | |
| 701 | 0 | @a郭怀成@Aguo huai cheng@4主编 |
| 801 | 0 | @aCN@bPFT@c20110401 |
| 905 | @a安徽大学@dX32@eG800 | |
| 环境规划学/郭怀成等主编.-北京:高等教育出版社,2001.7 |
| 301页;23cm |
| ISBN 7-04-009333-2:RMB 16.70 |
| ● |
| 相关链接 |
|
|
|
正题名:环境规划学
索取号:X32/G800
 
预约/预借
| 序号 | 登录号 | 条形码 | 馆藏地/架位号 | 状态 | 备注 |
| 1 | 1282264 | 212822640 | 自科库501/501自科库 65排5列5层/ [索取号:X32/G800] | 在馆 | |
| 2 | 363588 | 203635888 | 自科库501/501自科库 65排5列5层/ [索取号:X32/G800] | 在馆 | |
| 3 | 363589 | 203635897 | 期刊室512/501自科库 65排5列5层/ [索取号:X32/G800] | 在馆 | |
| 4 | 363590 | 203635904 | 期刊室512/501自科库 65排5列5层/ [索取号:X32/G800] | 在馆 | |
| 5 | 464933 | 204649336 | 期刊室512/501自科库 65排5列5层/ [索取号:X32/G800] | 在馆 |